000 00838cab a2200265 4500
001 WB3308-14
008 090401t1997 xxu||||| |||| 00| 0 eng d
035 _a(Sirsi) u55482
041 _aeng
245 _aGrazing rights need new laws
260 _c1997
350 _a0
490 _aFarmers' Weekly
_v126(7) 14 February 1997, 10
490 _aFarmer`s Guardian
_v14 February 1997, 9(2)
520 _aThe Farmers Union of Wales have expressed concern that the increasing use of land for public recreation calls for new laws to protect farmers` grazing rights.
650 _aCOMMON LAND
650 _aFARMLAND
650 _aGRAZING RIGHTS
650 _aLEISURE ACTIVITIES
650 _aLEISURE SEEKERS
650 _aRIGHTS OF WAY
690 _aHIGHWAYS RIGHTS OF WAY AND EASEMENTS
942 _n0
948 _c04/03/1997
999 _c33898
_d33898